Normal view
MARC view
Entry Corporate Name
001 - CONTROL NUMBER
- control field: 607
003 - CONTROL NUMBER IDENTIFIER
- control field: ARRUPE
005 - DATE AND TIME OF LATEST TRANSACTION
- control field: 20130918144219.0
008 - FIXED-LENGTH DATA ELEMENTS
- fixed length control field: 130918|| aca||aabn | a|a d
040 ## - CATALOGING SOURCE
- Original cataloging agency: ARRUPE
- Transcribing agency: ARRUPE
110 ## - HEADING--CORPORATE NAME
- Corporate name or jurisdiction name as entry element: University of KwaZulu-Natal.
670 ## - SOURCE DATA FOUND
- Source citation: Work cat.: (ARRUPE)0: Mahala, Siphiwo. 605, When a man cries /, 2007.